00455 2200181 4500001002100000005001500021008004100036020002200077035001900099041000700118082001000125090001600135100001800151245002600169260002800195300001900223650003100242INLIS00000000001610520241224115048241224||||||||| | ||| |||| || |  a978-979-033-936-1 0010-1224016105 aid0 a641.1 a641.1 MAR a0 aMary E Barasi00aAt a Glance ILMU GIZI aJakartaberlanggac2007 a144hlm;21x28cm 0aKesejahteraan Rumah Tangga